GLORY OF GANESHA (Record no. 377468)

MARC details
000 -LEADER
fixed length control field 00351nam a2200145Ia 4500
008 - FIXED-LENGTH DATA ELEMENTS--GENERAL INFORMATION
fixed length control field 100122s9999 xx 000 0 und d
082 ## - DEWEY DECIMAL CLASSIFICATION NUMBER
Item number 59144
Classification number 291.211
100 ## - MAIN ENTRY--PERSONAL NAME
Personal name CHINMAY MISSION
245 ## - TITLE STATEMENT
Title GLORY OF GANESHA
260 ## - PUBLICATION, DISTRIBUTION, ETC. (IMPRINT)
Name of publisher, distributor, etc CHINMAY MISSION
Date of publication, distribution, etc 1986
300 ## - PHYSICAL DESCRIPTION
Extent 186
630 ## - SUBJECT ADDED ENTRY--UNIFORM TITLE
Uniform title GLORY OF GANESHA
730 ## - ADDED ENTRY--UNIFORM TITLE
Uniform title GLORY OF GANESHA
942 ## - ADDED ENTRY ELEMENTS (KOHA)
Koha item type Book
Holdings
Withdrawn status Lost status Damaged status Not for loan Home library Current library Date acquired Cost, normal purchase price Total Checkouts Full call number Barcode Date last seen Cost, replacement price Price effective from Koha item type Public note
        S.V. Pathak Library, Vile Parle S.V. Pathak Library, Vile Parle 01/03/2001 60.00   59144 SVPPARLE-59144 01/25/2010 60.00 01/25/2010 Book ", , General, NA"